Tip boduje ligu (hodnotenie 1. hokejovej ligy po 41. kole)

Bibliographic Details
Format: Article
Language:Slovak
Subjects:

MARC

LEADER 00000nab a2200000 ar4500
001 vtls009154215
003 SK-MaSNL
005 20260303064041.0
008 070713c1974 xo wr|||||||||000 b|slo
015 |a SNBRB2007/10  |2 snkbucl 
038 |a SNKBUCL 
040 |a SNKBUCL  |b slo  |c SNKBUCL  |e AACR2 
041 0 |a slo 
044 |a xo  |c SK 
080 |a 796.966.093.1  |2 2001 
245 0 0 |a Tip boduje ligu  |b (hodnotenie 1. hokejovej ligy po 41. kole) 
648 7 |a sezóna 1973/1974  |2 snkbucl  |9 1062145 
650 0 7 |a ľadový hokej  |2 snkbucl  |9 3231 
650 0 7 |a 1. liga  |2 snkbucl  |9 722880 
650 0 7 |a 41. kolo  |2 snkbucl  |9 1038762 
773 0 |t Tip  |g Roč. 6, č. 20 (1974), s. 4 
852 |a SNK  |b KIS3GCP 
999 |c 1745528  |d 1747458